[Event "Landesklasse West 2024/25"]
[Site "?"]
[Date "2025.03.30"]
[Round "7.7"]
[White "Schimm, Justin"]
[Black "Lotz, Arthur"]
[Result "0-1"]
[WhiteElo "1395"]
[BlackElo "1388"]
[PlyCount "118"]
[EventDate "2024.09.15"]
[EventType "team-tourn"]
[EventRounds "9"]
[WhiteTeam "SC 1951 Nordhausen"]
[BlackTeam "SV Wartburgstadt Eisenach"]

1. e4 c6 2. Nf3 d5 3. Nc3 dxe4 4. Nxe4 Nf6 5. Nxf6+ exf6 6. d4 Bd6 7. Bd3 Bg4 8. h4 Nd7 9. c3 O-O 10. Bxh7+ Kxh7 11. Ng5+ fxg5 12. hxg5+ Kg8 13. Qxg4 Re8+ 14. Kf1 Re6 15. f4 Re4 16. Qh5 Kf8 17. f5 Qe8 18. Qh8+ Ke7 19. Qxg7 Qg8 20. f6+ Ke6 21. Qh6 Qg6 22. Qh3+ Qf5+ 23. Qxf5+ Kxf5 24. Kf2 Bf4 25. Rh7 Rf8 26. Kf3 Bxc1 27. Rxc1 Rf4+ 28. Kg3 Rg4+ 29. Kf3 Rxg5 30. Re1 Kxf6 31. g4 Rfg8 32. Re4 Nf8 33. Rf4+ Ke6 34. Rhxf7 Nd7 35. c4 R8g7 36. Rxg7 Rxg7 37. Rf5 Rf7 38. Ke4 Rxf5 39. gxf5+ Kf6 40. a4 a5 41. b3 Nb8 42. d5 Nd7 43. Kd4 Kxf5 44. c5 Kf4 45. dxc6 bxc6 46. Kc4 Ke4 47. b4 axb4 48. Kxb4 Kd5 49. a5 Nxc5 50. Kc3 Na6 51. Kd3 c5 52. Kd2 Kd4 53. Ke2 Kc3 54. Ke3 c4 55. Ke4 Kb3 56. Kd5 c3 57. Kc6 c2 58. Kb6 Nb4 59. a6 Nxa6 0-1

[Event "Landesklasse West 2024/25"]
[Site "?"]
[Date "2025.03.30"]
[Round "7.8"]
[White "Anschütz, Bernd"]
[Black "Hüllenhagen, Andreas"]
[Result "0-1"]
[WhiteElo "1678"]
[BlackElo "1712"]
[PlyCount "44"]
[EventDate "2024.09.15"]
[EventType "team-tourn"]
[EventRounds "9"]
[WhiteTeam "SV Wartburgstadt Eisenach"]
[BlackTeam "SC 1951 Nordhausen"]

1. e4 d6 2. d4 Nf6 3. Nc3 e5 4. dxe5 dxe5 5. Qxd8+ Kxd8 6. Bc4 Ke8 7. Nf3 Bd6 8. Bg5 c6 9. h3 Nbd7 10. O-O-O Bc7 11. Rd2 b5 12. Bd3 Nc5 13. Rhd1 b4 14. Nb1 Be6 15. Bxf6 gxf6 16. a3 a5 17. Re2 Ke7 18. Ne1 Rhb8 19. axb4 axb4 20. b3 Ra2 21. Bc4 Bxc4 22. bxc4 Nb3+ 0-1

[Event "Landesklasse West 2024/25"]
[Site "?"]
[Date "2025.03.30"]
[Round "7.1"]
[White "Kachel, Alfred"]
[Black "Kirsch, Uwe"]
[Result "1/2-1/2"]
[WhiteElo "1860"]
[BlackElo "1919"]
[PlyCount "48"]
[EventDate "2024.09.15"]
[EventType "team-tourn"]
[EventRounds "9"]
[WhiteTeam "SC Rochade Leinefelde"]
[BlackTeam "TSG Ruhla"]

1. d4 d6 2. Nc3 Nf6 3. e4 g6 4. Bf4 Bg7 5. Qd2 O-O 6. f3 c6 7. Bh6 e5 8. Nce2 Re8 9. Bxg7 Kxg7 10. O-O-O Qc7 11. g4 h5 12. g5 Nh7 13. h4 a5 14. Ng3 Be6 15. d5 cxd5 16. exd5 Bd7 17. N1e2 Na6 18. Nc3 Nc5 19. Bd3 Rac8 20. Rhg1 Nf8 21. Nce4 Nxd3+ 22. Qxd3 Bb5 23. Qd2 Nd7 24. Nc3 Ba6 1/2-1/2

[Event "Landesklasse West 2024/25"]
[Site "?"]
[Date "2025.03.30"]
[Round "7.2"]
[White "von Otte, Wilhelm"]
[Black "Meitzner, Jonathan Franz"]
[Result "1-0"]
[WhiteElo "1900"]
[BlackElo "1760"]
[PlyCount "65"]
[EventDate "2024.09.15"]
[EventType "team-tourn"]
[EventRounds "9"]
[WhiteTeam "TSG Ruhla"]
[BlackTeam "SC Rochade Leinefelde"]

1. e4 c5 2. c3 Nf6 3. e5 Nd5 4. Bc4 Nb6 5. Bb3 Nc6 6. Nf3 d5 7. d4 cxd4 8. cxd4 Bg4 9. Nc3 e6 10. Be3 Be7 11. h3 Bh5 12. O-O O-O 13. Ne2 Bxf3 14. gxf3 Bh4 15. Rc1 Ne7 16. Kh2 Nf5 17. Bc2 Ne7 18. Qd3 g6 19. b3 Re8 20. Rg1 Kh8 21. Qd2 Rg8 22. Rg4 Nc6 23. Rcg1 Be7 24. Nf4 Qe8 25. Nh5 Nd7 26. f4 Rf8 27. f5 gxh5 28. Rg7 Ndxe5 29. dxe5 Nxe5 30. Bd4 Bf6 31. Qh6 Nf3+ 32. Kh1 Ng5 33. R1xg5 1-0

[Event "Landesklasse West 2024/25"]
[Site "?"]
[Date "2025.03.30"]
[Round "7.3"]
[White "Pfitzenreuter, Gerald"]
[Black "Thrän, Uwe"]
[Result "1-0"]
[WhiteElo "1863"]
[BlackElo "1748"]
[PlyCount "73"]
[EventDate "2024.09.15"]
[EventType "team-tourn"]
[EventRounds "9"]
[WhiteTeam "SC Rochade Leinefelde"]
[BlackTeam "TSG Ruhla"]

1. d4 Nf6 2. c4 e6 3. Nc3 d5 4. cxd5 exd5 5. Bg5 Nbd7 6. e3 c6 7. Bd3 Be7 8. Qc2 h6 9. Bf4 O-O 10. Nge2 Re8 11. O-O-O b5 12. Nxb5 Bb7 13. Nc7 Rc8 14. Nxe8 Nxe8 15. Kb1 c5 16. Qd2 c4 17. Bf5 Rc6 18. Ka1 a5 19. Bb1 Bb4 20. Qc2 Nef6 21. Nc3 Nb6 22. Be5 g6 23. f3 Qe7 24. Rhe1 Ba6 25. e4 dxe4 26. fxe4 Nfd7 27. Bg3 a4 28. a3 Bxc3 29. Qxc3 Nc8 30. Bc2 Nd6 31. Bxd6 Qxd6 32. e5 Qb8 33. d5 Rb6 34. e6 Nc5 35. exf7+ Kxf7 36. Rf1+ Kg8 37. Rf6 1-0

[Event "Landesklasse West 2024/25"]
[Site "?"]
[Date "2025.03.30"]
[Round "7.4"]
[White "Fink, Klaus"]
[Black "Hellrung, Bernhard"]
[Result "1/2-1/2"]
[WhiteElo "1761"]
[BlackElo "1774"]
[PlyCount "52"]
[EventDate "2024.09.15"]
[EventType "team-tourn"]
[EventRounds "9"]
[WhiteTeam "TSG Ruhla"]
[BlackTeam "SC Rochade Leinefelde"]

1. e4 d6 2. d4 Nf6 3. Nc3 Nbd7 4. Nf3 e5 5. dxe5 dxe5 6. Bc4 h6 7. O-O c6 8. Qe2 Qc7 9. a4 a5 10. h3 Be7 11. Be3 Nc5 12. Nd2 Be6 13. Bxc5 Bxc5 14. Bxe6 fxe6 15. Qc4 Qe7 16. Nf3 Nd7 17. Rad1 O-O-O 18. Ne2 Rhe8 19. Nc1 Bb6 20. Nd3 Bc7 21. b4 axb4 22. Nxb4 Qc5 23. Qb3 Qa5 24. Nd3 Nc5 25. Nxc5 Qxc5 26. Rb1 b6 1/2-1/2

[Event "Landesklasse West 2024/25"]
[Site "?"]
[Date "2025.03.30"]
[Round "7.5"]
[White "Frank, Thomas"]
[Black "Brückmann, Volker"]
[Result "1-0"]
[WhiteElo "1816"]
[BlackElo "1728"]
[PlyCount "83"]
[EventDate "2024.09.15"]
[EventType "team-tourn"]
[EventRounds "9"]
[WhiteTeam "SC Rochade Leinefelde"]
[BlackTeam "TSG Ruhla"]

1. d4 d5 2. c4 e6 3. Nc3 Nf6 4. cxd5 exd5 5. Bg5 Be7 6. e3 b6 7. Qc2 Bb7 8. Bd3 h6 9. Bh4 Nbd7 10. f3 c5 11. Nge2 a6 12. a4 Bc6 13. b3 Ra7 14. O-O O-O 15. Rad1 Re8 16. Bf2 Qb8 17. Ra1 Bd6 18. Kh1 Nf8 19. Rfe1 Ne6 20. Ng3 h5 21. Nf1 Ng5 22. Bh4 Ne6 23. Bxf6 gxf6 24. Qf2 Kf8 25. Qh4 Ke7 26. e4 cxd4 27. Nxd5+ Kd8 28. Qxf6+ Be7 29. Nxe7 Raxe7 30. Ng3 Nf4 31. Bxa6 Kd7 32. Qxd4+ Qd6 33. Qxd6+ Kxd6 34. Nf5+ Ke6 35. Nxe7 Kxe7 36. Rac1 Bd7 37. Bc4 Rg8 38. g3 Nh3 39. Rc2 Ng5 40. Kg2 Bh3+ 41. Kf2 Ne6 42. Bxe6 1-0

[Event "Landesklasse West 2024/25"]
[Site "?"]
[Date "2025.03.30"]
[Round "7.6"]
[White "Voß, Ewald"]
[Black "Meitzner, Johan Eduard"]
[Result "0-1"]
[WhiteElo "1653"]
[BlackElo "1662"]
[PlyCount "88"]
[EventDate "2024.09.15"]
[EventType "team-tourn"]
[EventRounds "9"]
[WhiteTeam "TSG Ruhla"]
[BlackTeam "SC Rochade Leinefelde"]

1. e4 c5 2. c3 Nf6 3. e5 Nd5 4. d4 cxd4 5. cxd4 e6 6. Nf3 b6 7. g3 Bb7 8. Bg2 d6 9. O-O Nd7 10. Bg5 Qc7 11. Qe2 dxe5 12. Rc1 Qd6 13. dxe5 Qb8 14. Nc3 h6 15. Nxd5 Bxd5 16. Bf4 Qb7 17. a3 Be7 18. Ne1 Bxg2 19. Nxg2 O-O 20. b4 b5 21. Qg4 Kh8 22. Rc3 Nb6 23. Ne3 g5 24. Qh5 Kg7 25. Ng4 Rh8 26. Nf6 gxf4 27. gxf4 Kf8 28. Rg3 Bxf6 29. exf6 Nd5 30. Qe5 Qc7 31. Qd4 Nxf4 32. Qd2 Rd8 33. Qe3 Rd3 34. Qe4 Rxg3+ 35. hxg3 Nd5 36. Rd1 Nxf6 37. Qa8+ Kg7 38. Qf3 Rd8 39. Re1 Qc4 40. Qb7 Rd7 41. Qb8 Qc3 42. Re3 Rd1+ 43. Kg2 Qc6+ 44. Rf3 Rd3 0-1

[Event "Landesklasse West 2024/25"]
[Site "?"]
[Date "2025.03.30"]
[Round "7.7"]
[White "Körner, Jonas"]
[Black "Hagen, Matthias"]
[Result "1-0"]
[WhiteElo "1583"]
[BlackElo "1632"]
[PlyCount "59"]
[EventDate "2024.09.15"]
[EventType "team-tourn"]
[EventRounds "9"]
[WhiteTeam "SC Rochade Leinefelde"]
[BlackTeam "TSG Ruhla"]

1. e4 c5 2. Nf3 d6 3. d4 cxd4 4. Nxd4 Nf6 5. Nc3 a6 6. h3 e6 7. g4 Nc6 8. g5 Nd7 9. Be3 Qc7 10. h4 b5 11. Nxc6 Qxc6 12. Qd4 Bb7 13. h5 e5 14. Qd2 Nb6 15. O-O-O b4 16. Nd5 Nxd5 17. exd5 Qa4 18. Kb1 Be7 19. Rh4 a5 20. f4 f6 21. Bh3 O-O 22. Be6+ Kh8 23. f5 Bc8 24. g6 Bxe6 25. dxe6 Rac8 26. h6 Rg8 27. gxh7 Rgd8 28. hxg7+ Kxg7 29. h8=Q+ Rxh8 30. Qg2+ 1-0

[Event "Landesklasse West 2024/25"]
[Site "?"]
[Date "2025.03.30"]
[Round "7.8"]
[White "Kabisch, Roland"]
[Black "Stöber, Guido"]
[Result "1/2-1/2"]
[WhiteElo "1570"]
[BlackElo "1356"]
[PlyCount "73"]
[EventDate "2024.09.15"]
[EventType "team-tourn"]
[EventRounds "9"]
[WhiteTeam "TSG Ruhla"]
[BlackTeam "SC Rochade Leinefelde"]

1. f4 d5 2. Nf3 Nf6 3. e3 e6 4. b3 Be7 5. Bb2 O-O 6. Be2 c5 7. O-O Nc6 8. Ne5 Bd7 9. d3 Rc8 10. Nd2 a6 11. Ndf3 Ne8 12. Nxc6 Bxc6 13. Ne5 Nf6 14. Qe1 Nd7 15. Nxc6 Rxc6 16. Bf3 Bf6 17. Bxf6 Nxf6 18. Rd1 Rd6 19. e4 dxe4 20. dxe4 Rxd1 21. Qxd1 Qb6 22. c4 Rd8 23. Qc2 Rd4 24. e5 Ne8 25. g3 g6 26. Rd1 Qd8 27. Kf2 b6 28. Ke2 a5 29. Rd3 Ng7 30. Qd2 Nf5 31. Bg4 Rxd3 32. Qxd3 Qxd3+ 33. Kxd3 Nd4 34. Bd1 Kg7 35. g4 Nc6 36. a3 Nd4 37. Kc3 1/2-1/2

[Event "Landesklasse West 2024/25"]
[Site "?"]
[Date "2025.03.30"]
[Round "7.2"]
[White "Roth, Ralf"]
[Black "Messerschmidt, Nick"]
[Result "0-1"]
[WhiteElo "1839"]
[BlackElo "1959"]
[PlyCount "80"]
[EventDate "2024.09.15"]
[EventType "team-tourn"]
[EventRounds "9"]
[WhiteTeam "Randspringer Bad Salzungen"]
[BlackTeam "SG Barchfeld/Breitungen"]

{[%evp 0,80,19,31,32,25,32,-10,31,22,37,8,-1,-20,-26,-59,-58,-68,-134,-133,-137,-138,-96,-96,-101,-107,-110,-116,-90,-137,-93,-97,-81,-127,-136,-133,-143,-141,-129,-140,-116,-159,-176,-160,-136,-136,-124,-186,-194,-203,-207,-187,-149,-209,-154,-138,-129,-181,-136,-181,-93,-89,-103,-117,-90,-75,-69,-45,-51,-69,-44,-38,-75,-73,9,0,0,41,116,-165,-186,-698,-724]} 1. d4 d5 2. Nf3 Nf6 3. c4 c6 4. Nc3 e6 5. Bf4 dxc4 6. e3 b5 7. Ne5 Bb4 8. a4 Nd5 9. Qd2 Qa5 10. Rc1 Bxc3 11. bxc3 Nxf4 12. exf4 Qxa4 13. Be2 Qa3 14. Bh5 g6 15. Bf3 Bb7 16. h4 f6 17. Ng4 Nd7 18. O-O f5 19. Ne3 Qd6 20. Nc2 Nc5 21. Rb1 Kf7 22. Qe3 Na4 23. Be2 Nb6 24. g3 Nd5 25. Qd2 Rab8 26. Rb2 Rhe8 27. Ra1 a6 28. Ne1 Nf6 29. Qe3 h5 30. Nf3 Ng4 31. Ne5+ Kg7 32. Bxg4 hxg4 33. f3 gxf3 34. Nxf3 Re7 35. Ne5 Qd5 36. Kh2 Rc8 37. g4 Rh8 38. Qg3 Rh6 39. h5 fxg4 40. Nxg6 Qxh5+ 0-1

[Event "Landesklasse West 2024/25"]
[Site "?"]
[Date "2025.03.30"]
[Round "7.3"]
[White "Trappe, Tilman"]
[Black "Burkhardt, Christian"]
[Result "1-0"]
[WhiteElo "1701"]
[BlackElo "1683"]
[PlyCount "117"]
[EventDate "2024.09.15"]
[EventType "team-tourn"]
[EventRounds "9"]
[WhiteTeam "SG Barchfeld/Breitungen"]
[BlackTeam "Randspringer Bad Salzungen"]

{[%evp 0,117,31,23,34,51,45,23,39,36,31,20,20,13,25,28,50,38,45,11,33,39,22,22,45,43,45,71,64,71,159,49,94,87,92,101,127,123,126,116,116,86,118,120,123,124,117,123,123,129,123,126,212,213,229,214,224,235,238,231,247,211,334,334,406,334,625,417,431,332,331,335,385,358,434,240,257,266,327,286,327,327,341,287,322,269,259,245,259,261,234,234,220,226,226,230,230,272,271,250,250,252,260,278,1065,1071,1073,508,1135,1183,1184,1184,1243,1267,1275,1300,1333,1374,1802,28688]} 1. e4 e6 2. d4 d5 3. Nc3 Bb4 4. exd5 exd5 5. Bd3 Nc6 6. Nge2 Nge7 7. O-O Bg4 8. f3 Bf5 9. Bf4 a6 10. Bxf5 Nxf5 11. Qd3 Qd7 12. Bxc7 O-O 13. Bg3 Rfe8 14. Bf2 Bd6 15. Ng3 Bxg3 16. hxg3 Nb4 17. Qd2 Re6 18. Ne2 Nc6 19. Rfe1 Rae8 20. c3 Ne3 21. Bxe3 Rxe3 22. Nf4 Rxe1+ 23. Rxe1 Rxe1+ 24. Qxe1 Qe7 25. Kf2 Kf8 26. Nxd5 Qd6 27. Ne3 b5 28. Qb1 g6 29. Qe4 f5 30. Qf4 Ke7 31. Qh6 Kf6 32. Qxh7 b4 33. Qg8 Ne7 34. Qc4 bxc3 35. bxc3 a5 36. d5 g5 37. g4 f4 38. Qd4+ Kf7 39. Nf5 Nxf5 40. gxf5 Qa3 41. Qd2 Qc5+ 42. Kf1 Qb5+ 43. Kg1 Qb6+ 44. Qf2 Qb1+ 45. Kh2 Qxf5 46. Qa7+ Ke8 47. Qb8+ Kd7 48. Qb7+ Kd8 49. Qb6+ Ke8 50. d6 Qh7+ 51. Kg1 Qd3 52. Qb8+ Kf7 53. Qb7+ Kg8 54. Qc8+ Kf7 55. Qd7+ Kg8 56. Qe8+ Kg7 57. Qe7+ Kg8 58. d7 Qb1+ 59. Kh2 1-0

[Event "Landesklasse West 2024/25"]
[Site "?"]
[Date "2025.03.30"]
[Round "7.4"]
[White "Wiefel, Erik"]
[Black "Theer, Tino"]
[Result "1/2-1/2"]
[WhiteElo "1619"]
[BlackElo "1762"]
[PlyCount "38"]
[EventDate "2024.09.15"]
[EventType "team-tourn"]
[EventRounds "9"]
[WhiteTeam "Randspringer Bad Salzungen"]
[BlackTeam "SG Barchfeld/Breitungen"]

1. c4 e5 2. g3 Nf6 3. Bg2 Be7 4. Nc3 O-O 5. e3 c5 6. Nge2 Nc6 7. d4 d6 8. d5 Nb8 9. O-O h5 10. h3 Bf5 11. e4 Bh7 12. f4 Nbd7 13. fxe5 Nxe5 14. b3 Qd7 15. Nf4 Bg6 16. Kh2 a6 17. Nd3 Nxd3 18. Qxd3 Qd8 19. Bf4 Nd7 1/2-1/2

[Event "Landesklasse West 2024/25"]
[Site "?"]
[Date "2025.03.30"]
[Round "7.5"]
[White "Crivellaro, Heiko"]
[Black "Mäurer, Michael"]
[Result "1/2-1/2"]
[WhiteElo "1821"]
[BlackElo "1573"]
[PlyCount "66"]
[EventDate "2024.09.15"]
[EventType "team-tourn"]
[EventRounds "9"]
[WhiteTeam "SG Barchfeld/Breitungen"]
[BlackTeam "Randspringer Bad Salzungen"]

{[%evp 0,66,19,-30,-35,-25,-29,-29,-31,-33,5,3,-6,-14,1,-42,-34,-55,-54,-78,-61,-88,-97,-103,-82,-90,-77,-92,-28,-70,-71,-55,-19,-47,-58,-68,-57,-44,10,18,17,-9,0,0,-8,-34,-25,-53,33,-36,-7,-34,-14,-61,24,15,44,42,75,55,60,30,64,42,27,0,44,50,46]} 1. f4 d5 2. Nf3 g6 3. e3 Bg7 4. Be2 Nh6 5. O-O O-O 6. d3 b6 7. Qe1 e6 8. Nbd2 Bb7 9. Ng5 Qe7 10. Kh1 f6 11. Nh3 Nd7 12. e4 dxe4 13. dxe4 e5 14. f5 gxf5 15. exf5 Qb4 16. Bc4+ Kh8 17. c3 Qc5 18. Qe2 Bd5 19. Bxd5 Qxd5 20. c4 Qd4 21. Nb3 Qg4 22. Qc2 Rad8 23. Be3 Nb8 24. Ng1 c5 25. h3 Qh5 26. Qe4 Rd6 27. g4 Qf7 28. Rad1 Rfd8 29. Rxd6 Rxd6 30. Nd2 Rd8 31. b3 Qd7 32. Kh2 Qc6 33. Qc2 Qd6 1/2-1/2

[Event "Landesklasse West 2024/25"]
[Site "?"]
[Date "2025.03.30"]
[Round "7.6"]
[White "Wirsing, Frank"]
[Black "Schmidt, Kevin"]
[Result "1-0"]
[WhiteElo "1558"]
[BlackElo "1620"]
[PlyCount "63"]
[EventDate "2024.09.15"]
[EventType "team-tourn"]
[EventRounds "9"]
[WhiteTeam "Randspringer Bad Salzungen"]
[BlackTeam "SG Barchfeld/Breitungen"]

1. d4 d5 2. c4 e6 3. Nc3 Nf6 4. e3 Bb4 5. Bd2 O-O 6. a3 Bxc3 7. Bxc3 Ne4 8. Qc2 c6 9. Bb4 Re8 10. Bd3 f5 11. Nf3 Nd7 12. O-O Qf6 13. Nd2 Nb6 14. f3 Ng5 15. Bc3 Kh8 16. Rae1 dxc4 17. Nxc4 Nd5 18. Bd2 Bd7 19. Ne5 Rad8 20. e4 Ne7 21. Bc3 Nf7 22. Nxd7 Rxd7 23. exf5 exf5 24. Bxf5 Rd5 25. Be4 Rh5 26. g4 Rh4 27. d5 Qf4 28. dxc6 Ng8 29. Qg2 bxc6 30. Qg3 Qg5 31. Bd2 Qf6 32. g5 1-0

[Event "Landesklasse West 2024/25"]
[Site "?"]
[Date "2025.03.30"]
[Round "7.7"]
[White "Abe, Rico"]
[Black "Platek, Burkhardt"]
[Result "1/2-1/2"]
[WhiteElo "1553"]
[BlackElo "1496"]
[PlyCount "29"]
[EventDate "2024.09.15"]
[EventType "team-tourn"]
[EventRounds "9"]
[WhiteTeam "SG Barchfeld/Breitungen"]
[BlackTeam "Randspringer Bad Salzungen"]

1. e4 c5 2. Nf3 d6 3. d4 cxd4 4. Nxd4 Nc6 5. Nc3 g6 6. Be3 Nf6 7. Bb5 Bd7 8. f3 Bg7 9. Qd2 a6 10. Nxc6 Bxc6 11. Bxc6+ bxc6 12. O-O O-O 13. Ne2 Qc7 14. c3 Nd7 15. Kh1 1/2-1/2

[Event "Landesklasse West 2024/25"]
[Site "?"]
[Date "2025.03.30"]
[Round "7.8"]
[White "Keilholz, Stefan"]
[Black "Trappe, David"]
[Result "1-0"]
[WhiteElo "1333"]
[BlackElo "1416"]
[PlyCount "98"]
[EventDate "2024.09.15"]
[EventType "team-tourn"]
[EventRounds "9"]
[WhiteTeam "Randspringer Bad Salzungen"]
[BlackTeam "SG Barchfeld/Breitungen"]

1. e4 c6 2. d4 d5 3. exd5 cxd5 4. Nc3 Nc6 5. Nf3 Nf6 6. Bb5 a6 7. Bxc6+ bxc6 8. O-O Bg4 9. h3 Bh5 10. Bg5 e6 11. a3 c5 12. dxc5 Bxc5 13. Qd3 Bg6 14. Qd2 h6 15. Bf4 Ne4 16. Nxe4 Bxe4 17. Qe2 O-O 18. b4 Bd6 19. Bxd6 Qxd6 20. Rac1 Rfc8 21. Rfd1 Qc6 22. c3 Bxf3 23. Qxf3 Qc4 24. a4 Qb3 25. a5 Qa4 26. Qd3 Rc4 27. Ra1 Qb5 28. Ra3 Rac8 29. Rb1 g6 30. Qd2 Kg7 31. Qb2 f6 32. Re1 e5 33. Rd1 Rd8 34. Qd2 Re4 35. Qd3 Re1+ 36. Kh2 Rh1+ 37. Kxh1 Qc6 38. Kg1 Rd7 39. Ra2 h5 40. Rad2 f5 41. Qe3 Kf6 42. h4 f4 43. Qe2 Rd6 44. f3 Qxc3 45. Rxd5 Re6 46. Qd2 Qc4 47. Rd6 Qc8 48. Rxe6+ Kxe6 49. Qd6+ Kf5 1-0

[Event "Landesklasse West 2024/25"]
[Site "?"]
[Date "2025.03.30"]
[Round "7.2"]
[White "Wilhelm, Bernd"]
[Black "Göpfert, Gregor"]
[Result "0-1"]
[WhiteElo "1893"]
[BlackElo "1784"]
[PlyCount "82"]
[EventDate "2024.09.15"]
[EventType "team-tourn"]
[EventRounds "9"]
[WhiteTeam "SC Rochade Steinbach-Hallenberg"]
[BlackTeam "ESV Lok Meiningen"]

{[%evp 0,82,38,35,50,35,13,9,2,-19,-13,-59,-62,-17,-23,-23,-19,-15,-19,-19,-31,-31,-19,-43,-36,-50,-18,-19,10,9,33,-16,3,14,54,4,117,83,73,-136,-53,-41,-34,-66,-66,-136,-139,-215,-230,-236,-247,-229,-229,-256,-293,-340,-338,-387,-430,-430,-430,-509,-559,-559,-602,-681,-667,-670,-669,-722,-600,-659,-531,-537,-437,-466,-484,-488,-495,-518,-524,-789,-802,-29997,-686]} 1. e4 e5 2. Nf3 Nc6 3. d4 exd4 4. Bc4 Nf6 5. e5 d5 6. Bb5 Ne4 7. Nxd4 Bd7 8. Bxc6 bxc6 9. O-O Bc5 10. f3 Ng5 11. f4 Ne4 12. Be3 Bb6 13. Nd2 Nxd2 14. Qxd2 c5 15. Nf3 Bc6 16. f5 h6 17. e6 f6 18. Qe2 d4 19. Nxd4 cxd4 20. Qh5+ Ke7 21. Qf7+ Kd6 22. Bf4+ Kc5 23. c4 Qe8 24. Qxe8 Rhxe8 25. Rac1 a5 26. a3 a4 27. g4 Ba5 28. h4 Rab8 29. Rf2 Rb3 30. g5 hxg5 31. hxg5 Rh8 32. Bh2 Rg3+ 33. Kf1 Rxg5 34. Ke2 Rhh5 35. Rcf1 Rg2 36. Bg1 Rhg5 37. Rxg2 Rxg2+ 38. Bf2 Kxc4 39. Rc1+ Kd5 40. Kf1 Rg5 41. e7 Be8 0-1

[Event "Landesklasse West 2024/25"]
[Site "?"]
[Date "2025.03.22"]
[Round "7.3"]
[White "Lehmann, Peter"]
[Black "Recknagel, Armin"]
[Result "0-1"]
[WhiteElo "1910"]
[BlackElo "1563"]
[PlyCount "114"]
[EventDate "2024.09.15"]
[EventType "team-tourn"]
[EventRounds "9"]
[WhiteTeam "ESV Lok Meiningen"]
[BlackTeam "SC Rochade Steinbach-Hallenberg"]

{[%evp 0,114,35,26,23,27,22,31,46,16,24,8,15,-29,11,-16,37,0,35,37,63,66,66,96,97,102,96,31,31,33,23,27,40,10,19,34,28,5,17,17,28,22,19,33,25,22,45,51,45,41,52,27,36,23,45,37,39,15,10,15,-7,0,6,-88,-30,-110,122,93,100,100,158,147,146,133,140,129,91,107,281,395,245,118,118,3,-8,-42,4,-49,96,49,70,125,120,61,71,90,98,-99,-92,-92,-92,-120,-208,-269,-27,-333,-504,-333,-421,-421,-401,-766,-780,-1665,-2093,-1422,-2336]} 1. d4 d5 2. Nf3 Bf5 3. c4 c6 4. Nc3 e6 5. e3 Nf6 6. Be2 Nbd7 7. Bd2 Be7 8. O-O O-O 9. Nh4 Ne4 10. Nxf5 exf5 11. cxd5 Nxc3 12. Bxc3 cxd5 13. Bf3 Nf6 14. Qb3 Qd7 15. Rfc1 Rac8 16. g3 Ne4 17. Be1 a6 18. Kg2 Rc6 19. Rxc6 Qxc6 20. Be2 Rc8 21. Bd3 g6 22. f3 Nf6 23. Bd2 Qd7 24. a3 Rc6 25. Re1 Qc7 26. Bc3 Re6 27. Kf2 h5 28. Bd2 h4 29. Rc1 Qb8 30. Rg1 Bd6 31. gxh4 Bxh2 32. Rg2 Nh5 33. Qxd5 Bg3+ 34. Kg1 f4 35. e4 Rd6 36. Qc4 Qd8 37. d5 Qb6+ 38. Kh1 Qxb2 39. Bc3 Qb6 40. Rb2 Qd8 41. Kg2 Bxh4 42. Kh1 Qd7 43. Bf1 g5 44. Rh2 Rh6 45. Bh3 Qd8 46. Rb2 g4 47. Bxg4 Nf6 48. Kg2 Nxg4 49. fxg4 Qd7 50. Qe2 Bg3 51. Qd1 Qd6 52. e5 Qxa3 53. Qb3 Rh2+ 54. Kf3 Qc5 55. Bb4 Rxb2 56. Qxb2 Qxd5+ 57. Ke2 Qg2+ 0-1

[Event "Landesklasse West 2024/25"]
[Site "?"]
[Date "2025.03.22"]
[Round "7.4"]
[White "Hoffmann, Hartmut"]
[Black "Lehmann, Georg"]
[Result "1/2-1/2"]
[WhiteElo "1964"]
[BlackElo "1682"]
[PlyCount "121"]
[EventDate "2024.09.15"]
[EventType "team-tourn"]
[EventRounds "9"]
[WhiteTeam "SC Rochade Steinbach-Hallenberg"]
[BlackTeam "ESV Lok Meiningen"]

{[%evp 0,121,35,27,29,-14,32,42,42,22,24,7,16,13,17,11,11,11,11,-4,2,21,-11,-6,26,35,30,24,39,23,23,27,31,0,22,11,25,-8,24,24,29,42,25,22,35,-57,-72,-72,-51,-90,-107,-117,-77,-102,-102,-112,-127,-122,-65,-61,-61,-61,-39,-122,25,17,19,19,19,39,66,51,122,86,122,116,112,37,37,-17,25,-19,47,0,131,56,56,56,-10,-10,-10,-13,-13,-10,259,259,240,281,320,320,328,328,328,328,328,223,214,0,0,0,0,0,0,0,0,0,0,0,0,0,0,0,0,0]} 1. d4 d5 2. c4 c6 3. Nf3 Nf6 4. Nc3 dxc4 5. a4 Bf5 6. Ne5 Nbd7 7. Nxc4 Qc7 8. g3 e5 9. dxe5 Nxe5 10. Bf4 Nfd7 11. Bg2 g5 12. Ne3 gxf4 13. Nxf5 fxg3 14. hxg3 O-O-O 15. Qc2 Nf6 16. Rh4 Qa5 17. Kf1 Kb8 18. Rb1 Bb4 19. Qb3 Bc5 20. Qc2 Neg4 21. Bf3 h5 22. b4 Bxb4 23. Qb3 Qb6 24. Bxg4 Nxg4 25. Ne4 a5 26. f3 Rhe8 27. fxg4 Rxe4 28. gxh5 Rxh4 29. Nxh4 Qc5 30. Qf3 Qc2 31. Rb3 Bc5 32. Rc3 Qd1+ 33. Kg2 Qg1+ 34. Kh3 Rg8 35. Nf5 Qf2 36. h6 Qxf3 37. exf3 Bf8 38. Rc4 Rh8 39. Re4 Kc7 40. Re8 Kd7 41. Ra8 c5 42. g4 c4 43. g5 c3 44. Ng3 c2 45. Ne2 Bg7 46. Rxa5 Bb2 47. Rc5 Rc8 48. Rxc8 Kxc8 49. f4 Kd7 50. f5 Bh8 51. Kg4 Ke7 52. Kf4 Kf8 53. Ke4 Bb2 54. g6 fxg6 55. fxg6 c1=Q 56. Nxc1 Bxc1 57. h7 Bb2 58. Kf5 Kg7 59. Kg5 b6 60. Kf5 Bc3 61. Kg5 1/2-1/2

[Event "Landesklasse West 2024/25"]
[Site "?"]
[Date "2025.03.30"]
[Round "7.5"]
[White "Rasch, Wolfgang"]
[Black "Döll, Frank"]
[Result "1/2-1/2"]
[WhiteElo "1574"]
[BlackElo "1808"]
[PlyCount "99"]
[EventDate "2024.09.15"]
[EventType "team-tourn"]
[EventRounds "9"]
[WhiteTeam "ESV Lok Meiningen"]
[BlackTeam "SC Rochade Steinbach-Hallenberg"]

{[%evp 0,99,27,27,88,63,63,59,59,48,66,60,49,20,27,13,24,24,50,30,37,57,96,76,84,79,103,115,134,81,90,50,187,137,138,161,175,0,0,-28,-22,-65,-66,-63,-81,-52,-50,-66,-17,-24,-19,-19,-25,-25,-7,-17,-16,-33,-19,-24,4,1,47,-19,-5,-10,-10,-80,-66,-75,-66,-61,-78,-56,-51,-69,-60,-57,-54,-63,-34,-65,-46,-46,-47,-44,-43,-46,-46,-46,-46,-39,-38,-38,-38,-38,-38,-65,-18,-59,-18,-18]} 1. d4 f5 2. g3 d5 3. Bg2 e6 4. Nf3 c5 5. O-O Nc6 6. b3 Nf6 7. Bb2 Bd7 8. e3 Ne4 9. Qe2 Qf6 10. c4 cxd4 11. Nxd4 Nxd4 12. Bxd4 e5 13. Bb2 dxc4 14. Bxe4 fxe4 15. Qxc4 Bh3 16. Qb5+ Kf7 17. Qd5+ Qe6 18. Qxe6+ Kxe6 19. Rd1 Bg4 20. Rd2 Bb4 21. Nc3 Rac8 22. Rc1 Rc6 23. a3 Bxc3 24. Rxc3 Rxc3 25. Bxc3 Rc8 26. Bb2 Bh5 27. Kf1 Be8 28. Ke1 Bb5 29. h4 Bd7 30. Kd1 a6 31. Ba1 Rc5 32. Bb2 a5 33. b4 axb4 34. axb4 Rc4 35. Ba3 Rc3 36. Ra2 Rb3 37. Ra1 Kd5 38. Kd2 h5 39. Kd1 Kc4 40. Rc1+ Rc3 41. Rxc3+ Kxc3 42. Kc1 b5 43. Bb2+ Kxb4 44. Bxe5 g6 45. Bd4 Kb3 46. Be5 b4 47. Bd4 Kc4 48. Bg7 b3 49. Bh8 Bc8 50. Kd2 1/2-1/2